<?xml version="1.0" encoding="UTF-8"?>
<record
    xmlns:xsi="http://www.w3.org/2001/XMLSchema-instance"
    xsi:schemaLocation="http://www.loc.gov/MARC21/slim http://www.loc.gov/standards/marcxml/schema/MARC21slim.xsd"
    xmlns="http://www.loc.gov/MARC21/slim">

  <leader>00958cam1a220026500 4500</leader>
  <controlfield tag="001">lcu00102419</controlfield>
  <controlfield tag="003">DLC</controlfield>
  <controlfield tag="005">20190814092138.0</controlfield>
  <controlfield tag="008">930303s1993    stk           001 0 eng c</controlfield>
  <datafield tag="020" ind1=" " ind2=" ">
    <subfield code="a">0443046913</subfield>
  </datafield>
  <datafield tag="035" ind1=" " ind2=" ">
    <subfield code="a">(Sirsi) a140831</subfield>
  </datafield>
  <datafield tag="050" ind1="0" ind2="0">
    <subfield code="a">QM 551 WHE 1993</subfield>
  </datafield>
  <datafield tag="100" ind1="1" ind2=" ">
    <subfield code="a">Burkitt, H. George.</subfield>
    <subfield code="6">A3047.1</subfield>
  </datafield>
  <datafield tag="245" ind1="1" ind2="0">
    <subfield code="a">Wheater's functional histology :</subfield>
    <subfield code="b">a text and colour atlas /</subfield>
    <subfield code="c">H. George Burkitt, Barbara Young and John W. Heath.</subfield>
  </datafield>
  <datafield tag="250" ind1=" " ind2=" ">
    <subfield code="a">3rd ed.</subfield>
  </datafield>
  <datafield tag="260" ind1=" " ind2=" ">
    <subfield code="a">Edinburgh : </subfield>
    <subfield code="b">Churchill Livinstone,</subfield>
    <subfield code="c">1993.</subfield>
  </datafield>
  <datafield tag="500" ind1=" " ind2=" ">
    <subfield code="a">Includes index.</subfield>
  </datafield>
  <datafield tag="500" ind1=" " ind2=" ">
    <subfield code="a">Rev. ed. of: Functional histology. 2nd ed. / revised and edited by Paul R. Wheater and H. George Burkitt ; drawings by Philip J. Deakin. 1987.</subfield>
  </datafield>
  <datafield tag="650" ind1=" " ind2="0">
    <subfield code="a">Histology.</subfield>
    <subfield code="6">S2176.1</subfield>
  </datafield>
  <datafield tag="650" ind1=" " ind2="0">
    <subfield code="a">Histology -- Atlases.</subfield>
    <subfield code="x">Histology -- Atlases.</subfield>
    <subfield code="6">S1226.1</subfield>
  </datafield>
  <datafield tag="700" ind1="1" ind2=" ">
    <subfield code="a">Young, Barbara</subfield>
    <subfield code="6">A114386.1</subfield>
  </datafield>
  <datafield tag="700" ind1="1" ind2=" ">
    <subfield code="a">Heath, John W.</subfield>
    <subfield code="6">A114388.1</subfield>
  </datafield>
  <datafield tag="700" ind1=" " ind2=" ">
    <subfield code="a">Deakin, Philip J.</subfield>
  </datafield>
  <controlfield tag="004">50918</controlfield>
  <datafield tag="999" ind1=" " ind2=" ">
    <subfield code="c">31639</subfield>
    <subfield code="d">31639</subfield>
  </datafield>
</record>
